[Event "Remote S7 Top 77 email"]
[Site "Remote email"]
[Date "2014.05.28"]
[Round "?"]
[White "Class, Wolfgang"]
[Black "Koenig, Uwe"]
[Result "1/2-1/2"]
[WhiteElo "2448"]
[BlackElo "2451"]
[PlyCount "32"]
[EventDate "2014.??.??"]
[EventType "tourn (corr)"]
[EventRounds "6"]
[EventCountry "GER"]
[SourceTitle "Corr 2015"]
[Source "ChessBase"]
[SourceDate "2015.07.17"]
[SourceVersion "1"]
[SourceVersionDate "2015.07.17"]
[SourceQuality "1"]

1. e4 c5 2. Nf3 d6 3. Bb5+ Bd7 4. Bxd7+ Nxd7 5. 0-0 Ngf6 6. Qe2 Rc8 7. c3 e6 8. d4 cxd4 9. cxd4 d5 10. e5 Ng8 11. Nc3 Ne7 12. Be3 a6 13. Rfc1 Nb6 14. Rc2 Nc6 15. Ne1 Nc4 16. Nd3 Be7 1/2-1/2

[Event "Remote S7E High-154 email"]
[Site "Remote email"]
[Date "2014.05.08"]
[Round "?"]
[White "Koenig, Uwe"]
[Black "Biskopp, Wolf Ulrich"]
[Result "1/2-1/2"]
[WhiteElo "2451"]
[BlackElo "2564"]
[PlyCount "35"]
[EventDate "2014.??.??"]
[EventType "tourn (corr)"]
[EventRounds "6"]
[EventCountry "GER"]
[SourceTitle "Corr 2015"]
[Source "ChessBase"]
[SourceDate "2015.07.17"]
[SourceVersion "1"]
[SourceVersionDate "2015.07.17"]
[SourceQuality "1"]

1. e4 c5 2. Ne2 Nf6 3. Nbc3 d5 4. exd5 Nxd5 5. Nxd5 Qxd5 6. Nc3 Qd8 7. g3 Nc6 8. Bg2 Bf5 9. Bxc6+ bxc6 10. d3 g6 11. 0-0 c4 12. Re1 cxd3 13. cxd3 Bg7 14. Bg5 Be6 15. Qd2 h6 16. Be3 Qa5 17. Rac1 Rd8 18. b3 1/2-1/2

[Event "Remote S7E High-154 email"]
[Site "Remote email"]
[Date "2014.05.08"]
[Round "?"]
[White "Mann, Werner Eric"]
[Black "Koenig, Uwe"]
[Result "1/2-1/2"]
[WhiteElo "2379"]
[BlackElo "2451"]
[PlyCount "50"]
[EventDate "2014.??.??"]
[EventType "tourn (corr)"]
[EventRounds "6"]
[EventCountry "GER"]
[SourceTitle "Corr 2015"]
[Source "ChessBase"]
[SourceDate "2015.07.17"]
[SourceVersion "1"]
[SourceVersionDate "2015.07.17"]
[SourceQuality "1"]

1. d4 Nf6 2. c4 e6 3. g3 c5 4. d5 exd5 5. cxd5 d6 6. Nc3 g6 7. Bg2 Bg7 8. Nf3 0-0 9. 0-0 Re8 10. Bf4 Na6 11. Re1 Ne4 12. Nxe4 Rxe4 13. Nd2 Rb4 14. b3 Rxf4 15. gxf4 Nb4 16. Rf1 Qh4 17. a3 Bxa1 18. Qxa1 Nc2 19. Qb2 Nd4 20. e3 Ne2+ 21. Kh1 Bh3 22. Qc2 Bxg2+ 23. Kxg2 Qg4+ 24. Kh1 Re8 25. Qd3 Qh5 1/2-1/2

[Event "Remote S7E High-154 email"]
[Site "Remote email"]
[Date "2014.05.08"]
[Round "?"]
[White "Winiger, Albert"]
[Black "Koenig, Uwe"]
[Result "0-1"]
[WhiteElo "2294"]
[BlackElo "2451"]
[PlyCount "86"]
[EventDate "2014.??.??"]
[EventType "tourn (corr)"]
[EventRounds "6"]
[EventCountry "GER"]
[SourceTitle "Corr 2015"]
[Source "ChessBase"]
[SourceDate "2015.07.17"]
[SourceVersion "1"]
[SourceVersionDate "2015.07.17"]
[SourceQuality "1"]

1. d4 Nf6 2. Nc3 c5 3. d5 d6 4. Nf3 e6 5. e4 exd5 6. exd5 Be7 7. Bc4 0-0 8. 0-0 Bg4 9. h3 Bxf3 10. Qxf3 Nbd7 11. Be2 a6 12. a4 Ne5 13. Qg3 Nfd7 14. a5 Re8 15. Bh5 Rc8 16. Qf4 g6 17. Bd1 Bf8 18. Be2 f5 19. Re1 Bg7 20. Be3 Nf7 21. Qc4 Rxe3 22. fxe3 Be5 23. Bf3 Qg5 24. Qa4 Nf6 25. Ne2 Qxe3+ 26. Kf1 Qh6 27. Kg1 g5 28. Rad1 g4 29. Qa3 Ng5 30. Bxg4 fxg4 31. Rf1 Nfe4 32. Qb3 gxh3 33. g3 h2+ 34. Kh1 Qh3 35. Qe3 Rf8 36. Rxf8+ Kxf8 37. Rb1 Bxg3 38. Nf4 Qg4 39. Ne6+ Nxe6 40. Rf1+ Nf4 41. Qf3 Qg5 42. Qxe4 Bf2 43. Qf5+ Qxf5 0-1

[Event "Remote-ch Class2 Gr.B email"]
[Site "Remote email"]
[Date "2014.04.20"]
[Round "?"]
[White "Koenig, Uwe"]
[Black "Rheinstaedtler, Klaus"]
[Result "1-0"]
[WhiteElo "2451"]
[BlackElo "2381"]
[PlyCount "65"]
[EventDate "2014.??.??"]
[EventType "tourn (corr)"]
[EventRounds "10"]
[EventCountry "GER"]
[SourceTitle "Corr 2015"]
[Source "ChessBase"]
[SourceDate "2015.07.17"]
[SourceVersion "1"]
[SourceVersionDate "2015.07.17"]
[SourceQuality "1"]

1. e4 e6 2. d4 d5 3. Nc3 Nf6 4. e5 Nfd7 5. f4 c5 6. Nf3 Nc6 7. Be3 Be7 8. Qd2 a6 9. dxc5 Nxc5 10. a3 0-0 11. Nd4 Qc7 12. g3 b5 13. Bg2 Bb7 14. 0-0 Na5 15. b3 Rac8 16. Qf2 Nd7 17. Nce2 g6 18. Rfc1 Rfe8 19. Nf3 Nc6 20. b4 Bd8 21. Ned4 Nxd4 22. Bxd4 Nb6 23. c3 Ba8 24. g4 Na4 25. f5 Qe7 26. f6 Qf8 27. h4 h6 28. Bf1 Rc6 29. Qd2 Bb6 30. h5 g5 31. Nxg5 hxg5 32. Qxg5+ Kh7 33. Bxb6 1-0

[Event "Remote 4 Seasons Spring email"]
[Site "Remote email"]
[Date "2014.04.15"]
[Round "?"]
[White "Doderer, Harald"]
[Black "Koenig, Uwe"]
[Result "1/2-1/2"]
[WhiteElo "2467"]
[BlackElo "2451"]
[PlyCount "54"]
[EventDate "2014.??.??"]
[EventType "tourn (corr)"]
[EventRounds "11"]
[EventCountry "GER"]
[SourceTitle "Corr 2015"]
[Source "ChessBase"]
[SourceDate "2015.07.17"]
[SourceVersion "1"]
[SourceVersionDate "2015.07.17"]
[SourceQuality "1"]

1. e4 c5 2. Nf3 Nc6 3. d4 cxd4 4. Nxd4 e6 5. Nc3 Nf6 6. Ndb5 d6 7. Bf4 e5 8. Bg5 a6 9. Na3 b5 10. Bxf6 gxf6 11. Nd5 f5 12. Bd3 Be6 13. c3 Bg7 14. Nxb5 axb5 15. Bxb5 Rc8 16. Qa4 Bd7 17. exf5 0-0 18. 0-0 e4 19. Rfe1 Ne5 20. Bxd7 Nxd7 21. Qxe4 Nf6 22. Nxf6+ Bxf6 23. Rad1 Qb6 24. Qg4+ Kh8 25. Re2 Rc5 26. g3 d5 27. Qf4 Kg7 1/2-1/2

[Event "Remote S7E Pro-178 email"]
[Site "Remote email"]
[Date "2014.03.18"]
[Round "?"]
[White "Koenig, Uwe"]
[Black "Tauscher, Karl"]
[Result "1/2-1/2"]
[WhiteElo "2451"]
[BlackElo "2422"]
[PlyCount "63"]
[EventDate "2014.??.??"]
[EventType "tourn (corr)"]
[EventRounds "6"]
[EventCountry "GER"]
[SourceTitle "Corr 2015"]
[Source "ChessBase"]
[SourceDate "2015.07.17"]
[SourceVersion "1"]
[SourceVersionDate "2015.07.17"]
[SourceQuality "1"]

1. e4 c5 2. Ne2 Nc6 3. Nbc3 e6 4. a3 Nf6 5. d4 d5 6. exd5 Nxd5 7. Nxd5 exd5 8. Be3 c4 9. g3 Bd6 10. Bg2 Be6 11. 0-0 0-0 12. Re1 Rc8 13. Nc3 Bc7 14. Qh5 Ba5 15. Re2 Bxc3 16. bxc3 Qd7 17. h3 Ne7 18. Rae1 Nf5 19. Bc1 h6 20. Re5 Rce8 21. Kh2 Rd8 22. Qe2 Qc6 23. f4 Rfe8 24. Bh1 Nd6 25. g4 Bd7 26. Bxd5 Rxe5 27. Qxe5 Qb6 28. f5 Re8 29. Qg3 Rxe1 30. Qxe1 Bc6 31. Bxc6 Qxc6 32. Bf4 1/2-1/2

[Event "Remote S7E Pro-171 email"]
[Site "Remote email"]
[Date "2013.11.21"]
[Round "?"]
[White "Schulz, Joerg Peter"]
[Black "Koenig, Uwe"]
[Result "1/2-1/2"]
[WhiteElo "2393"]
[BlackElo "2449"]
[PlyCount "74"]
[EventDate "2013.??.??"]
[EventType "tourn (corr)"]
[EventRounds "6"]
[EventCountry "GER"]
[SourceTitle "Corr 2015"]
[Source "ChessBase"]
[SourceDate "2015.07.17"]
[SourceVersion "1"]
[SourceVersionDate "2015.07.17"]
[SourceQuality "1"]

1. Nf3 Nf6 2. c4 e6 3. Nc3 c5 4. g3 Be7 5. Bg2 d5 6. cxd5 exd5 7. d4 Nc6 8. dxc5 Bxc5 9. 0-0 h6 10. Na4 Be7 11. Be3 0-0 12. Rc1 Re8 13. Nd4 Bd7 14. Nc3 Be6 15. Nxe6 fxe6 16. Qb3 Qd7 17. f4 Kh8 18. Bf3 Rac8 19. Bf2 Bb4 20. Nb5 a6 21. Na7 Nxa7 22. Rxc8 Rxc8 23. Qxb4 Nb5 24. Rd1 Qe8 25. b3 Nc3 26. Re1 Qd7 27. Bd4 Nce4 28. Be5 Rc2 29. Rd1 Qc8 30. a4 Kg8 31. Kg2 Nd7 32. Qd4 Nxe5 33. Qxe5 Kf7 34. f5 Nf6 35. g4 exf5 36. gxf5 Qd8 37. Rd4 Kg8 1/2-1/2

[Event "Remote S7E Pro-171 email"]
[Site "Remote email"]
[Date "2013.11.21"]
[Round "?"]
[White "Tauscher, Karl"]
[Black "Koenig, Uwe"]
[Result "1/2-1/2"]
[WhiteElo "2408"]
[BlackElo "2449"]
[PlyCount "54"]
[EventDate "2013.??.??"]
[EventType "tourn (corr)"]
[EventRounds "6"]
[EventCountry "GER"]
[SourceTitle "Corr 2015"]
[Source "ChessBase"]
[SourceDate "2015.07.17"]
[SourceVersion "1"]
[SourceVersionDate "2015.07.17"]
[SourceQuality "1"]

1. e4 c5 2. Nf3 Nc6 3. Bb5 Qc7 4. 0-0 e6 5. c3 a6 6. Ba4 b5 7. Bc2 Bb7 8. a4 b4 9. d4 bxc3 10. d5 Nb4 11. dxe6 dxe6 12. bxc3 Nxc2 13. Qxc2 Nf6 14. Re1 Be7 15. Nbd2 0-0 16. a5 Rad8 17. Nc4 Nd7 18. g3 f5 19. Bf4 Qc6 20. Rab1 Ba8 21. Nb6 fxe4 22. Nxa8 exf3 23. Nb6 e5 24. Bxe5 Nxe5 25. Rxe5 Bf6 26. Re3 c4 27. Rbe1 Bg5 1/2-1/2

[Event "Remote S7E Adv-136 email"]
[Site "Remote email"]
[Date "2013.10.31"]
[Round "?"]
[White "Koenig, Uwe"]
[Black "Wittig, Frank"]
[Result "1/2-1/2"]
[WhiteElo "2418"]
[BlackElo "2338"]
[PlyCount "62"]
[EventDate "2013.??.??"]
[EventType "tourn (corr)"]
[EventRounds "6"]
[EventCountry "GER"]
[SourceTitle "Corr 2015"]
[Source "ChessBase"]
[SourceDate "2015.07.17"]
[SourceVersion "1"]
[SourceVersionDate "2015.07.17"]
[SourceQuality "1"]

1. e4 e5 2. Nf3 Nc6 3. b3 Nf6 4. Nc3 Bc5 5. Be2 d6 6. d3 a6 7. 0-0 Be6 8. Bb2 0-0 9. Qd2 h6 10. Nd1 Re8 11. Ne3 Nd4 12. Bd1 d5 13. exd5 Nxd5 14. Nxe5 Qg5 15. Bxd4 Bxd4 16. Nf3 Qxe3 17. fxe3 Bxe3+ 18. Kh1 Bxd2 19. Nxd2 Rad8 20. Kg1 b6 21. Re1 g5 22. Nc4 Bd7 23. Kf2 Rxe1 24. Kxe1 g4 25. Kd2 Re8 26. Be2 b5 27. Nb2 h5 28. g3 Kg7 29. a4 Ne3 30. c3 c5 31. axb5 axb5 1/2-1/2

[Event "Remote S7E High-149 email"]
[Site "Remote email"]
[Date "2013.10.19"]
[Round "?"]
[White "Fleury, Flavio"]
[Black "Koenig, Uwe"]
[Result "1/2-1/2"]
[WhiteElo "2377"]
[BlackElo "2418"]
[PlyCount "67"]
[EventDate "2013.??.??"]
[EventType "tourn (corr)"]
[EventRounds "6"]
[EventCountry "GER"]
[SourceTitle "Corr 2015"]
[Source "ChessBase"]
[SourceDate "2015.07.17"]
[SourceVersion "1"]
[SourceVersionDate "2015.07.17"]
[SourceQuality "1"]

1. e4 c5 2. c3 d5 3. exd5 Qxd5 4. d4 Nf6 5. Nf3 Nc6 6. Be3 Bg4 7. Be2 e6 8. h3 cxd4 9. cxd4 Bb4+ 10. Nc3 Bf5 11. 0-0 Qa5 12. Nh4 0-0 13. Nxf5 exf5 14. Bf3 Rfd8 15. Ne2 Ne5 16. Bxb7 Rab8 17. a3 Bd6 18. b4 Qb5 19. Qc2 Rxb7 20. dxe5 Qxe5 21. Bf4 Qe4 22. Qxe4 fxe4 23. Rfd1 Rbd7 24. Rxd6 Rxd6 25. Bxd6 Rxd6 26. Rc1 Kf8 27. Rc8+ Ke7 28. Nc3 Kd7 29. Ra8 a6 30. Ra7+ Ke6 31. g4 Ke5 32. Re7+ Kd4 33. Rc7 Kd3 34. b5 1/2-1/2

[Event "Remote S7E High-149 email"]
[Site "Remote email"]
[Date "2013.10.19"]
[Round "?"]
[White "Koenig, Uwe"]
[Black "Class, Wolfgang"]
[Result "1/2-1/2"]
[WhiteElo "2449"]
[BlackElo "2451"]
[PlyCount "71"]
[EventDate "2013.??.??"]
[EventType "tourn (corr)"]
[EventRounds "6"]
[EventCountry "GER"]
[SourceTitle "Corr 2015"]
[Source "ChessBase"]
[SourceDate "2015.07.17"]
[SourceVersion "1"]
[SourceVersionDate "2015.07.17"]
[SourceQuality "1"]

1. e4 e5 2. Nf3 Nc6 3. Bc4 Nf6 4. Nc3 Nxe4 5. 0-0 Nxc3 6. dxc3 f6 7. Re1 d6 8. Qe2 Qe7 9. Nd4 Nd8 10. b3 g6 11. f4 Bg7 12. Ba3 Nf7 13. Rad1 0-0 14. Qf2 Kh8 15. h3 a5 16. Qh4 Bd7 17. Nf3 Qe8 18. Bc1 a4 19. Qf2 Be6 20. Bxe6 Qxe6 21. c4 Qd7 22. fxe5 fxe5 23. Be3 axb3 24. axb3 Ra2 25. Qe2 Kg8 26. Rf1 Qc6 27. Rf2 Nh6 28. Ng5 Nf5 29. Ne6 Rf6 30. Nxg7 Kxg7 31. Bg5 Rf8 32. Qd2 Rfa8 33. Kh2 h5 34. Rdf1 Qe4 35. c5 d5 36. Re1 1/2-1/2

[Event "Remote S7E Pro-170 email"]
[Site "Remote email"]
[Date "2013.09.29"]
[Round "?"]
[White "Koenig, Uwe"]
[Black "Leisebein, Peter"]
[Result "1/2-1/2"]
[WhiteElo "2418"]
[BlackElo "2445"]
[PlyCount "33"]
[EventDate "2013.??.??"]
[EventType "tourn (corr)"]
[EventRounds "6"]
[EventCountry "GER"]
[SourceTitle "Corr 2015"]
[Source "ChessBase"]
[SourceDate "2015.07.17"]
[SourceVersion "1"]
[SourceVersionDate "2015.07.17"]
[SourceQuality "1"]

1. e4 e5 2. Bc4 Nf6 3. Qe2 Nc6 4. Nf3 Bc5 5. 0-0 0-0 6. d3 d6 7. h3 Be6 8. Bxe6 fxe6 9. c3 a5 10. Be3 Bxe3 11. fxe3 d5 12. exd5 exd5 13. Nbd2 Qd6 14. Nh4 a4 15. Nf5 Qc5 16. Rab1 g6 17. d4 1/2-1/2

[Event "Remote S7E Pro-170 email"]
[Site "Remote email"]
[Date "2013.09.29"]
[Round "?"]
[White "Koenig, Uwe"]
[Black "Schatz, Hans Dieter"]
[Result "1-0"]
[WhiteElo "2449"]
[BlackElo "2331"]
[PlyCount "97"]
[EventDate "2013.??.??"]
[EventType "tourn (corr)"]
[EventRounds "6"]
[EventCountry "GER"]
[SourceTitle "Corr 2015"]
[Source "ChessBase"]
[SourceDate "2015.07.17"]
[SourceVersion "1"]
[SourceVersionDate "2015.07.17"]
[SourceQuality "1"]

1. e4 e6 2. d4 d5 3. Nc3 Bb4 4. e5 c5 5. a3 Bxc3+ 6. bxc3 Ne7 7. Qg4 0-0 8. Bd3 f5 9. exf6 Rxf6 10. Bg5 Rf7 11. Qh5 g6 12. Qd1 Nbc6 13. Nf3 Qf8 14. 0-0 c4 15. Be2 h6 16. Bc1 Qg7 17. a4 g5 18. h3 Bd7 19. Nh2 Ng6 20. Bh5 Rf5 21. Re1 Kh7 22. Nf3 Rg8 23. Bg4 Rf6 24. g3 b6 25. Ba3 Nge7 26. Rb1 Nf5 27. Nh2 Kh8 28. Bf3 Be8 29. Bg2 Qc7 30. Qf3 h5 31. g4 hxg4 32. Nxg4 Rfg6 33. Rxe6 Rxe6 34. Qxf5 Qc8 35. Rf1 Bg6 36. Qxg5 Rg7 37. Bxd5 Bd3 38. Bxe6 Qxe6 39. Qf4 Bxf1 40. Kxf1 Ne7 41. Bd6 Nd5 42. Qe5 Qf7 43. Qe4 Qh5 44. Be5 Qxh3+ 45. Ke1 Nxc3 46. Qf5 Qh1+ 47. Kd2 Nb1+ 48. Ke3 Qe1+ 49. Kf4 1-0

[Event "Remote Federal-ch email"]
[Site "Remote email"]
[Date "2013.09.11"]
[Round "?"]
[White "Koenig, Uwe"]
[Black "Milde, Lars"]
[Result "1-0"]
[WhiteElo "2449"]
[BlackElo "2388"]
[PlyCount "97"]
[EventDate "2013.??.??"]
[EventType "swiss (corr)"]
[EventRounds "12"]
[EventCountry "GER"]
[SourceTitle "Corr 2015"]
[Source "ChessBase"]
[SourceDate "2015.07.17"]
[SourceVersion "1"]
[SourceVersionDate "2015.07.17"]
[SourceQuality "1"]

1. e4 e5 2. Nf3 Nc6 3. Bb5 a6 4. Ba4 Nf6 5. 0-0 Be7 6. Re1 b5 7. Bb3 d6 8. c3 0-0 9. h3 Nb8 10. Na3 Nbd7 11. d4 Bb7 12. Bc2 Re8 13. Bg5 Rc8 14. Nb1 h6 15. Bc1 Bf8 16. Nbd2 exd4 17. cxd4 c5 18. d5 c4 19. Nf1 g6 20. Ng3 Bg7 21. Be3 Nc5 22. Bd4 h5 23. Rc1 Bh6 24. Rb1 a5 25. a3 Ba6 26. Bc3 Nfd7 27. Ra1 Bg7 28. Bxg7 Kxg7 29. Qd2 Kg8 30. Re3 Qf6 31. Rb1 Qd8 32. Nxh5 b4 33. Ng3 Rb8 34. axb4 axb4 35. Ra1 b3 36. Bb1 Ra8 37. Ne2 Qf6 38. Nh2 Ne5 39. f4 Ned3 40. e5 dxe5 41. Ng4 Qd6 42. Bxd3 Nxd3 43. Qc3 f6 44. Ng3 Rf8 45. Ne4 Qb6 46. fxe5 fxe5 47. Kh2 Qd4 48. Qd2 Rf4 49. g3 1-0

[Event "Remote Federal-ch email"]
[Site "Remote email"]
[Date "2013.09.11"]
[Round "?"]
[White "Kuna, Heiko"]
[Black "Koenig, Uwe"]
[Result "1/2-1/2"]
[WhiteElo "2376"]
[BlackElo "2449"]
[PlyCount "64"]
[EventDate "2013.??.??"]
[EventType "swiss (corr)"]
[EventRounds "12"]
[EventCountry "GER"]
[SourceTitle "Corr 2015"]
[Source "ChessBase"]
[SourceDate "2015.07.17"]
[SourceVersion "1"]
[SourceVersionDate "2015.07.17"]
[SourceQuality "1"]

1. e4 c5 2. Nf3 Nc6 3. d4 cxd4 4. Nxd4 Nf6 5. Nc3 e5 6. Ndb5 d6 7. Bg5 a6 8. Na3 b5 9. Nd5 Be7 10. Bxf6 Bxf6 11. c3 0-0 12. Nc2 Bg5 13. a4 Rb8 14. h4 Bh6 15. axb5 axb5 16. Bd3 Ne7 17. Nxe7+ Qxe7 18. Nb4 Bb7 19. Qg4 Kh8 20. 0-0 f5 21. exf5 g6 22. f6 Rxf6 23. Bxb5 Rf4 24. Qd7 Qxh4 25. Bc6 Bxc6 26. Nxc6 Rbf8 27. Ra7 R4f7 28. Qxf7 Rxf7 29. Rxf7 Bf4 30. g3 Bxg3 31. fxg3 Qxg3+ 32. Kh1 Qh3+ 1/2-1/2

[Event "Remote S7E Pro-165 email"]
[Site "Remote email"]
[Date "2013.05.17"]
[Round "?"]
[White "Heinrich, Olaf Wittmund"]
[Black "Koenig, Uwe"]
[Result "1/2-1/2"]
[WhiteElo "2378"]
[BlackElo "2418"]
[PlyCount "61"]
[EventDate "2013.??.??"]
[EventType "tourn (corr)"]
[EventRounds "6"]
[EventCountry "GER"]
[SourceTitle "Corr 2015"]
[Source "ChessBase"]
[SourceDate "2015.07.17"]
[SourceVersion "1"]
[SourceVersionDate "2015.07.17"]
[SourceQuality "1"]

1. e4 c5 2. Nf3 Nc6 3. d4 cxd4 4. Nxd4 g6 5. Nc3 Bg7 6. Be3 d6 7. Qd2 Nf6 8. f3 0-0 9. Bc4 Bd7 10. 0-0-0 Qc7 11. Bb3 Rfc8 12. h4 Na5 13. Kb1 Nxb3 14. axb3 a5 15. h5 a4 16. hxg6 fxg6 17. bxa4 Bxa4 18. Nxa4 Rxa4 19. Qd3 Rb4 20. Nb3 b5 21. Bd2 Rc4 22. Bc3 b4 23. Bxf6 Bxf6 24. Qd5+ Kf8 25. Rxh7 Bg7 26. Rxg7 Kxg7 27. Nd4 b3 28. Ne6+ Kf6 29. Nxc7 bxc2+ 30. Ka2 cxd1Q 31. Qe6+ 1/2-1/2

[Event "Remote S7E High email"]
[Site "Remote email"]
[Date "2013.05.15"]
[Round "?"]
[White "Spreemann, Ralf"]
[Black "Koenig, Uwe"]
[Result "1-0"]
[WhiteElo "2439"]
[BlackElo "2372"]
[PlyCount "93"]
[EventDate "2013.??.??"]
[EventType "tourn (corr)"]
[EventRounds "6"]
[EventCountry "GER"]
[SourceTitle "Corr 2015"]
[Source "ChessBase"]
[SourceDate "2015.07.17"]
[SourceVersion "1"]
[SourceVersionDate "2015.07.17"]
[SourceQuality "1"]

1. e4 c6 2. d4 g6 3. Nc3 Bg7 4. h3 d6 5. Be3 Nf6 6. f4 0-0 7. Nf3 Nbd7 8. Bd3 b5 9. e5 Ne8 10. h4 b4 11. Ne4 h5 12. e6 Nb6 13. f5 fxe6 14. fxg6 Nd5 15. Bd2 e5 16. 0-0 Bg4 17. Neg5 Qb6 18. Qe1 exd4 19. Nh7 Nef6 20. Nxf8 Rxf8 21. Bc4 e6 22. Ng5 Re8 23. Nf7 Ne3 24. Bd3 Nxf1 25. Qxf1 Qc7 26. Nh6+ Bxh6 27. Bxh6 Qe7 28. Bg5 Rf8 29. Qf2 Bf5 30. Qe2 Qd7 31. Bxf5 exf5 32. Bxf6 Rxf6 33. Qxh5 Qe7 34. Rf1 f4 35. Rf2 Qg7 36. Qf3 Rxg6 37. Qxc6 Qe5 38. Qf3 Qe1+ 39. Kh2 Qe5 40. Re2 Qf6 41. Qa8+ Kh7 42. Qxa7+ Rg7 43. Qa8 Qxh4+ 44. Kg1 Qh5 45. Qe4+ Kg8 46. Rf2 Rf7 47. Rd2 1-0

[Event "Remote Random email"]
[Site "Remote email"]
[Date "2013.04.23"]
[Round "?"]
[White "Koenig, Uwe"]
[Black "Witt, Monika"]
[Result "1-0"]
[WhiteElo "2383"]
[BlackElo "1428"]
[PlyCount "65"]
[EventDate "2013.??.??"]
[EventType "tourn (corr)"]
[EventRounds "6"]
[EventCountry "GER"]
[SourceTitle "Corr 2015"]
[Source "ChessBase"]
[SourceDate "2015.07.17"]
[SourceVersion "1"]
[SourceVersionDate "2015.07.17"]
[SourceQuality "1"]

1. e4 e5 2. Nf3 Nc6 3. Bb5 a6 4. Ba4 Nf6 5. 0-0 Be7 6. Bxc6 dxc6 7. Qe1 Qd6 8. d3 h6 9. b3 Bg4 10. Nbd2 b5 11. h3 Bxf3 12. Nxf3 0-0 13. Nh4 g6 14. Bxh6 Rfe8 15. Nf3 Nh5 16. a4 b4 17. Qd2 Kh7 18. Be3 f6 19. d4 f5 20. exf5 e4 21. fxg6+ Kxg6 22. Ne5+ Kh7 23. Qd1 Nf6 24. f3 Rf8 25. fxe4 Nxe4 26. Qh5+ Kg8 27. Ng6 Rxf1+ 28. Rxf1 Kg7 29. Bh6+ Kg8 30. Nxe7+ Qxe7 31. Qg6+ Kh8 32. Rf7 Rg8 33. Qh7# 1-0

[Event "Remote Random email"]
[Site "Remote email"]
[Date "2013.04.23"]
[Round "?"]
[White "Vehlow, Burkhard"]
[Black "Koenig, Uwe"]
[Result "1/2-1/2"]
[WhiteElo "2249"]
[BlackElo "2383"]
[PlyCount "76"]
[EventDate "2013.??.??"]
[EventType "tourn (corr)"]
[EventRounds "6"]
[EventCountry "GER"]
[SourceTitle "Corr 2015"]
[Source "ChessBase"]
[SourceDate "2015.07.17"]
[SourceVersion "1"]
[SourceVersionDate "2015.07.17"]
[SourceQuality "1"]

1. e4 e5 2. Nf3 Nc6 3. Bb5 a6 4. Ba4 Nf6 5. 0-0 Be7 6. Bxc6 dxc6 7. Nc3 Bg4 8. Qe2 Bd6 9. h3 Bh5 10. d3 Nd7 11. Be3 Qf6 12. g4 Bg6 13. d4 Qe7 14. dxe5 Nxe5 15. Nxe5 Bxe5 16. Rfd1 Bxc3 17. bxc3 Qxe4 18. Rab1 b6 19. h4 Qxc2 20. Rb2 Qxe2 21. Rxe2 0-0 22. Rd7 Rae8 23. Rxc7 Re4 24. f3 Re6 25. Kf2 Rfe8 26. Rd7 f5 27. Rdd2 fxg4 28. fxg4 b5 29. Bc5 Be4 30. Kg3 Bd5 31. Rxe6 Rxe6 32. a3 Rf6 33. Rf2 Rxf2 34. Kxf2 Kf7 35. Ke3 a5 36. Bb6 a4 37. Kd4 Be6 38. g5 Kg6 1/2-1/2

[Event "Remote S5E No Engine-228 email"]
[Site "Remote email"]
[Date "2013.04.19"]
[Round "?"]
[White "Schmitt, Harald"]
[Black "Koenig, Uwe"]
[Result "1-0"]
[WhiteElo "2062"]
[BlackElo "2383"]
[PlyCount "77"]
[EventDate "2013.??.??"]
[EventType "tourn (corr)"]
[EventRounds "4"]
[EventCountry "GER"]
[SourceTitle "Corr 2015"]
[Source "ChessBase"]
[SourceDate "2015.07.17"]
[SourceVersion "1"]
[SourceVersionDate "2015.07.17"]
[SourceQuality "1"]

1. d4 Nf6 2. Nf3 c5 3. c3 b6 4. e3 Bb7 5. Bd3 d6 6. 0-0 g6 7. Nbd2 Bg7 8. e4 0-0 9. Qe2 Nbd7 10. Rd1 Qc7 11. Nf1 Rac8 12. b3 Rfe8 13. Ng3 e6 14. Nh4 Re7 15. f4 cxd4 16. cxd4 e5 17. fxe5 dxe5 18. d5 Nc5 19. Ba3 Rd7 20. Bb5 Rd6 21. b4 Ncxe4 22. Nxe4 Nxe4 23. Qxe4 Bxd5 24. Rxd5 f5 25. Qd3 Rxd5 26. Qxd5+ Kf8 27. Bd7 e4 28. b5+ Qc5+ 29. Bxc5+ Rxc5 30. Qa8+ Rc8 31. Qxc8+ Ke7 32. Rd1 Bd4+ 33. Rxd4 Kf7 34. Nxf5 e3 35. Nd6+ Kg7 36. Ne8+ Kh8 37. Rf4 e2 38. Nd6+ Kg7 39. Qf8# 1-0

[Event "Remote S5E No Engine-228 email"]
[Site "Remote email"]
[Date "2013.04.19"]
[Round "?"]
[White "Tortoza, Carlos Alberto"]
[Black "Koenig, Uwe"]
[Result "0-1"]
[WhiteElo "1497"]
[BlackElo "2383"]
[PlyCount "86"]
[EventDate "2013.??.??"]
[EventType "tourn (corr)"]
[EventRounds "4"]
[EventCountry "GER"]
[SourceTitle "Corr 2015"]
[Source "ChessBase"]
[SourceDate "2015.07.17"]
[SourceVersion "1"]
[SourceVersionDate "2015.07.17"]
[SourceQuality "1"]

1. c4 e5 2. a3 Nf6 3. d3 c6 4. Nc3 d5 5. cxd5 cxd5 6. e4 dxe4 7. dxe4 Qxd1+ 8. Nxd1 Nxe4 9. Bb5+ Bd7 10. Bxd7+ Nxd7 11. Nf3 Rc8 12. Be3 Bc5 13. 0-0 0-0 14. Rc1 Bxe3 15. Nxe3 f6 16. Nd5 Kf7 17. g4 Ndc5 18. b4 Nd3 19. Rcd1 Nb2 20. Rb1 Nc4 21. a4 Ncd2 22. Nxd2 Nxd2 23. Rfd1 Nxb1 24. Rxb1 Rfd8 25. Ne3 g6 26. h4 Ke6 27. b5 Rd4 28. f3 Rc3 29. b6 Rxe3 30. bxa7 Rxa4 31. Rxb7 Ra2 32. Rb6+ Kd7 33. Rb7+ Kc6 34. Rb1 Rxf3 35. Rb2 Rxa7 36. Rc2+ Kd5 37. Rd2+ Ke4 38. Re2+ Kf4 39. Kg2 Ra1 40. g5 f5 41. Rxe5 Ra2+ 42. Kg1 Kxe5 43. h5 Rd3 0-1